000 00532nam a2200181Ia 4500
008 100917s9999 xx 000 0 und d
082 _b60494
100 _aभडभडे शुभांगी
245 _aप्रतिक्षा
260 _bगुलमोहर पब्लिकेशन्स
_c1983
300 _a200
365 _b30
520 _aकादंबरी
630 _aप्रतिक्षा
650 _aकादंबरी
730 _aप्रतिक्षा
942 _cBOOK
999 _c665888
_d665885